000 01214nam a2200313 i 4500
001 197720
003 SpMaBN
005 20250831063045.0
008 250509s2025 sp |||||| 000 | spa|
017 _aM 968-2025
_bOficina Depósito Legal Madrid
020 _a9788419943200
040 _aSpMaBN
_bspa
_cSpMaBN
_erda
100 1 _991922
_aPiera, Carlos
_eaut
245 1 0 _aDiferencias difíciles :
_bantología /
_cCarlos Piera ; selección, traducción y prólogo de Roberta Ann Quance.
250 _aPrimera edición: 2025
260 _aMadrid :
_bLibros de la resitencia,
_c2025.
300 _a172 páginas ;
_c21 cm.
336 _aTexto
_2rdacontent
337 _asin mediación
_2rdamedia
338 _avolumen
_2rdacarrier
655 7 _2tgfbne
_9176539
_aPoesías
700 1 _994482
_aQuance, Roberta Ann
_etrl
852 _aES-MaACL
_cDEPOJ
_jN-10593
_gDedicatoria autógrafa del autor
_hDonación: Carlos Piera
_xEncuadernación rústica
_9206716
903 _991922
_aPiera, Carlos
_ednr
942 _cMONOGRAFIA
_n0
999 _c197720
_d197720